| 000 | 01092nam a22002894a 4500 | ||
|---|---|---|---|
| 001 | ebr10085240 | ||
| 003 | CaPaEBR | ||
| 006 | m u | ||
| 007 | cr cn||||||||| | ||
| 008 | 010601s2001 enk sb 001 0 eng | ||
| 020 | _z0195147782 | ||
| 040 |
_aCaPaEBR _cCaPaEBR |
||
| 035 | _a(OCoLC)70748158 | ||
| 050 | 1 | 4 |
_aBJ1533.H8 _bW66 2001eb |
| 082 | 0 | 4 |
_a170 _221 |
| 100 | 1 |
_aWoodruff, Paul, _d1943- |
|
| 245 | 1 | 0 |
_aReverence : _brenewing a forgotten virtue _h[electronic resource] / _cPaul Woodruff. |
| 260 |
_aOxford ; _aNew York : _bOxford University Press, _c2001. |
||
| 300 | _a248 p. | ||
| 504 | _aIncludes bibliographical references (p. [240]-243) and index. | ||
| 533 |
_aElectronic reproduction. _bPalo Alto, Calif. : _cebrary, _d2013. _nAvailable via World Wide Web. _nAccess may be limited to ebrary affiliated libraries. |
||
| 650 | 0 | _aHonor. | |
| 650 | 0 | _aRespect. | |
| 655 | 7 |
_aElectronic books. _2local |
|
| 710 | 2 | _aebrary, Inc. | |
| 856 | 4 | 0 |
_uhttp://site.ebrary.com/lib/rucke/Doc?id=10085240 _zAn electronic book accessible through the World Wide Web; click to view |
| 999 |
_c67074 _d67074 |
||